| 000 | 00894nas a2200241 4500 | ||
|---|---|---|---|
| 001 | BR8704967 | ||
| 003 | BR-BrBNA | ||
| 005 | 20231205090735.0 | ||
| 007 | ta | ||
| 008 | 230509b bl.|||p| |||| 00| 00por d | ||
| 040 |
_aBR-BrBNA _bpor _cBiblioteca Nacional de Agricultura |
||
| 041 | _a(Pt) | ||
| 072 | _aF06; E10; E14 | ||
| 110 | 1 |
_aAssociacao Brasileira de Irrigacao e Drenagem, Brasilia, DF (Brasil) _9308 |
|
| 245 | 1 | _aPROVARZEAS nacional: a dose certa do amor a terra [Programa de Aproveitamento de Varzeas Irrigaveis] | |
| 246 | 1 | _a[The national PROVARZEAS project: the right love for the land] | |
| 650 | _aIRRIGACAO | ||
| 650 | _aPOLITICA NACIONAL | ||
| 650 | _aPROJETO DE DESENVOLVIMENTO | ||
| 773 | 0 |
_tITEM. Irrigacao e Tecnologia Moderna (Brazil) _xISSN 0102-115X _g(Sep 1986), no. 26 p. 36-39 _wBR8704967 |
|
| 909 |
_a202311 _bLúcia _c55 _dLúcia Elande |
||
| 942 |
_2AGRIS _n0 _cANA |
||
| 999 |
_c120562 _d120562 |
||